Juez y parte : sobre literatura y escritores nicaraguenses contemporáneos /
Đã lưu trong:
| Tác giả chính: | |
|---|---|
| Định dạng: | Không biết |
| Ngôn ngữ: | Spanish |
| Được phát hành: |
Managua, Nicaragua :
Instituto Nicaraguense de Cultura,
1998.
|
| Những chủ đề: | |
| Các nhãn: |
Thêm thẻ
Không có thẻ, Là người đầu tiên thẻ bản ghi này!
|
MARC
| LEADER | 000000000a22000000004500 | ||
|---|---|---|---|
| 001 | 003020 | ||
| 020 | |a 9992430044 | ||
| 041 | 0 | |a spa | |
| 082 | 0 | 4 | |a N868 |b A284j |
| 100 | 1 | |a Aguirre Aragón, Erick | |
| 245 | 1 | 0 | |a Juez y parte : |b sobre literatura y escritores nicaraguenses contemporáneos / |c Erick Aguirre Aragón. |
| 260 | 1 | |a Managua, Nicaragua : |b Instituto Nicaraguense de Cultura, |c 1998. | |
| 300 | |a 210 páginas ; |c 21x14 cm. | ||
| 650 | 4 | |a LITERATURA NICARAGUENSE | |
| 650 | 4 | |a SIGLO XX | |
| 650 | 4 | |a CRITICA E INTERPRETACION | |
| 999 | |c 9336 |d 9336 | ||
| 942 | |c BK |h N868 A284j |2 z | ||



